Sexualidad y adolescencia: tópicos en Psicología. Manual monitor
Uloženo v:
| Hlavní autor: | |
|---|---|
| Médium: | Kniha |
| Jazyk: | španělština |
| Vydáno: |
Santiago
Universidad Católica de Chile
1996
|
| Vydání: | 2a. ed |
| Edice: | Aprendizaje
|
| Témata: | |
| Tagy: |
Přidat tag
Žádné tagy, Buďte první, kdo vytvoří štítek k tomuto záznamu!
|
MARC
| LEADER | 00000nam a2200000 a 4500 | ||
|---|---|---|---|
| 001 | UCH4317 | ||
| 003 | CL-VaPUC | ||
| 008 | 090818e19960000CL |||||||||||||||||spa|d | ||
| 020 | |a 9561403137 | ||
| 082 | 0 | 4 | |a 305.235 |b SIL |2 21 |
| 100 | 0 | |a Silva Raveau, Mónica |e author |9 539821 | |
| 245 | 1 | 0 | |a Sexualidad y adolescencia: tópicos en Psicología. Manual monitor |
| 250 | |a 2a. ed | ||
| 300 | |a 151 p | ||
| 942 | |c BK | ||
| 945 | |d 20090818 00:00:00 |a lazolas | ||
| 260 | |a Santiago |b Universidad Católica de Chile |c 1996 | ||
| 650 | 0 | |a Educación sexual |9 308005 | |
| 650 | 0 | |a Adolescencia |9 307361 | |
| 650 | 0 | |a Aspectos sexuales |9 310122 | |
| 650 | 7 | |a RELACIONES SEXUALES |2 CL-VaPUC |9 312685 | |
| 650 | 7 | |a RELACION DE PAREJA |2 CL-VaPUC |9 363459 | |
| 650 | 7 | |a RELACIONES FAMILIARES |2 CL-VaPUC |9 333100 | |
| 650 | 7 | |a PSICOLOGIA SEXUAL |2 CL-VaPUC |9 471026 | |
| 650 | 7 | |a EMBARAZO |2 CL-VaPUC |9 308235 | |
| 583 | |a last modification |c 20090818 00:00:00 |k Rodrigo Vera | ||
| 490 | 0 | |a Aprendizaje | |
| 999 | |c 335649 |d 335647 | ||